La carrière de Ivan Rakitic - Statistiques

Statistiques générales
  • Ce quiz a été pris 28 fois
  • Le résultat moyen est 3 sur 7
Statistiques - réponses
Année Match Club % Correct
2014 - 2020 310 FC Barcelone
93%
2020 - 2024 174 Séville FC
79%
2011 - 2014 149 Séville FC
75%
2005 - 2007 50 FC Bâle
25%
2024 - actuel 39 Hajduk Split
18%
2007 - 2011 135 Schalke 04
18%
2024 8 Al-Shabab FC
11%
Aucun quiz correspondant
Distribution des résultats
% des personnes avec chaque résultat
Percentile par nombre de réponses
Votre historique - résultats
Vous n’avez pas pris ce quiz